Privatizácia nie je všetko, iba prvý krok

Vznik štátneho podniku Zdroj, potraviny, tabak vznikol v r.1990 z pôvodne odštepného závodu. Po privatizácii ostalo z pôvodne 185 predajní 18 prevádzkových jednotiek. Postupná privatizácia podniku, ďalší, v poradí štvrtý návrh privatizačného projektu.

Salvato in:
Dettagli Bibliografici
Autore principale: Polakovič, Ivan
Natura: Capitolo di libro
Lingua:slovacco
Soggetti:
Tags: Aggiungi Tag
Nessun Tag, puoi essere il primo ad aggiungerne!!

MARC

LEADER 00000naa a2200000 4500
001 r016250
005 20221213114221.0
041 0 |a slo 
044 |a SK 
245 1 0 |a Privatizácia nie je všetko, iba prvý krok  |c Ivan Polakovič 
520 |a Vznik štátneho podniku Zdroj, potraviny, tabak vznikol v r.1990 z pôvodne odštepného závodu. Po privatizácii ostalo z pôvodne 185 predajní 18 prevádzkových jednotiek. Postupná privatizácia podniku, ďalší, v poradí štvrtý návrh privatizačného projektu. 
610 2 0 |a veľkoobchod 
610 2 0 |a privatizácia 
610 2 0 |a Zdroj, š.p. Bratislava 
610 2 0 |a siete obchodné 
610 2 0 |a podnik štátny 
100 1 |a Polakovič, Ivan